The Nation's Toughest Drug Law: Evaluating the New York Experience, Final Report to the Joint Committee on New York Drug Law Evaluation

Guardado en:  
Detalles Bibliográficos
Tipo de documento: Print Libro
Lenguaje:Inglés
Publicado: [Erscheinungsort nicht ermittelbar] United States Department of Justice, National Institute of Law Enforcement and Criminal Justice 1977
En:Año: 1977
Verificar disponibilidad: HBZ Gateway
Servicio de pedido Subito: Pedir ahora.

MARC

LEADER 00000cam a22000002c 4500
001 1912632411
003 DE-627
005 20250129055017.0
007 tu
008 241217s1977 xx ||||| 00| ||eng c
035 |a (DE-627)1912632411 
035 |a (DE-599)KXP1912632411 
040 |a DE-627  |b ger  |c DE-627  |e rda 
041 |a eng 
084 |a 2,1  |2 ssgn 
245 0 4 |a The Nation's Toughest Drug Law: Evaluating the New York Experience, Final Report to the Joint Committee on New York Drug Law Evaluation 
264 1 |a [Erscheinungsort nicht ermittelbar]  |b United States Department of Justice, National Institute of Law Enforcement and Criminal Justice  |c 1977 
336 |a Text  |b txt  |2 rdacontent 
337 |a ohne Hilfsmittel zu benutzen  |b n  |2 rdamedia 
338 |a Band  |b nc  |2 rdacarrier 
500 |a (author unknown) 
787 0 8 |i Forschungsdaten  |a Association of the Bar of the City of New York  |t New York Drug Law Evaluation Project, 1973  |d [Erscheinungsort nicht ermittelbar] : [Verlag nicht ermittelbar], 1984  |w (DE-627)1840068442 
935 |a mkri 
951 |a BO 
ELC |b 1 
LOK |0 000 xxxxxcx a22 zn 4500 
LOK |0 001 4637597943 
LOK |0 003 DE-627 
LOK |0 004 1912632411 
LOK |0 005 20241217044736 
LOK |0 008 241217||||||||||||||||ger||||||| 
LOK |0 035   |a (DE-2619)ICPSR601 
LOK |0 040   |a DE-2619  |c DE-627  |d DE-2619 
LOK |0 092   |o n 
LOK |0 852   |a DE-2619 
LOK |0 852 1  |9 00 
LOK |0 935   |a nacp 
LOK |0 939   |a 17-12-24  |b l01 
ORI |a SA-MARC-krimdoka001.raw